01395cam a22003737a 4500003000500000005001700005008004100022010001000063011001000073035001000083040000900093082001800102100002900120245012600149260004700275300001800322590004100340590004100381590004100422590004100463590004200504650005100546650002800597650003400625650003100659650003200690700003000722700002600752901000700778942001000785949007100795999001700866952013800883CHAP20220329135258.0971013s1986 r 00010 d a33700 a34672 a38788 cCHAP a583.32034bM400aMeenaskshi, J. V.97415614aThe impact of indian's grain revolution on the pulses and oilseedsc/by J.V. Meenakshi, Rita Sharma and Thomas T. Poleman aIthaca, N.Y. :bCornell University,c1986. ac.a. (364 p.) aBATCH-UPDb10c20130109lUCH01h2354 aBATCH-UPDb10c20130110lUCH01h0212 aBATCH-UPDb10c20130110lUCH01h2139 aBATCH-UPDb10c20130410lUCH01h1447 aCONVERSIONb10c20130109lUCH01h131914aAgriculturaxAspectos economicosxIndia.9125714aCerealesxIndia.92142614aCerealesxRendimiento.92146114aLeguminosasxIndia.96583214aPlantas oleaginosas.9890320 aPoleman, Thomas T.9902060 aSharma, Rita.9105512 aBK cLIBRO a583.32034 M4bBCcLIBROd33724000455804eLIBROh71594i38788mDsi c33700d33700 00102ddc4052708GRALaBCbBCcPA_GRALd2019-12-31fLIBROl0o583.32034 M4p33724000455804r2019-12-31 00:00:00w2019-12-31yLIBRO